BIBLIOTECA PODER JUDICIAL
Portal Judicial TDF

Femicidio (art. 80, inc. 11, Cód. Penal) / (Registro nro. 5504)

000 -LEADER
fixed length control field 01079nab a22002537a 4500
003 - CONTROL NUMBER IDENTIFIER
control field OSt
005 - DATE AND TIME OF LATEST TRANSACTION
control field 20251209145959.0
008 - FIXED-LENGTH DATA ELEMENTS--GENERAL INFORMATION
fixed length control field 190502c xxu||||| |||| 00| 0 spa d
040 ## - CATALOGING SOURCE
Transcribing agency PJ
100 ## - MAIN ENTRY--PERSONAL NAME
9 (RLIN) 6496
Personal name Horn, Adolfo Francisco
245 10 - TITLE STATEMENT
Title Femicidio (art. 80, inc. 11, Cód. Penal) /
Statement of responsibility, etc Adolfo Francisco Horn.
260 ## - PUBLICATION, DISTRIBUTION, ETC. (IMPRINT)
Place of publication, distribution, etc Ciudad Autónoma de Buenos Aires :
Name of publisher, distributor, etc Thomson Reuters La Ley,
Date of publication, distribution, etc 2025.
300 ## - PHYSICAL DESCRIPTION
Extent p. 77-90
500 ## - GENERAL NOTE
General note Cita Online: AR/DOC/1839/2025.
505 ## - FORMATTED CONTENTS NOTE
Formatted contents note Sumario: I. Bien jurídico afectado.— II. Tipo objetivo.— III. Tipo subjetivo.— IV. Cuestionamientos de la constitucionalidad de la figura.— V. Cuestiones probatorias.
505 ## - FORMATTED CONTENTS NOTE
Title ¿Te interesa el texto completo? Solicitalo al correo: koha@justierradelfuego.gov.ar
650 #0 - SUBJECT ADDED ENTRY--TOPICAL TERM
9 (RLIN) 343
Topical term or geographic name as entry element DERECHO PENAL
650 #0 - SUBJECT ADDED ENTRY--TOPICAL TERM
9 (RLIN) 3054
Topical term or geographic name as entry element FEMICIDIO
650 #0 - SUBJECT ADDED ENTRY--TOPICAL TERM
9 (RLIN) 3136
Topical term or geographic name as entry element DELITOS
650 #0 - SUBJECT ADDED ENTRY--TOPICAL TERM
9 (RLIN) 4597
Topical term or geographic name as entry element CONSTITUCIONALIDAD
650 #0 - SUBJECT ADDED ENTRY--TOPICAL TERM
9 (RLIN) 1975
Topical term or geographic name as entry element PRUEBA
773 0# - HOST ITEM ENTRY
Host Biblionumber 2729
Host Itemnumber 3180
Place, publisher, and date of publication Buenos Aires : LexisNexis, 2006-
Title Revista de derecho penal y procesal penal. Nº 10 - Octubre 2025
International Standard Book Number 9875920622
942 ## - ADDED ENTRY ELEMENTS (KOHA)
Source of classification or shelving scheme
Koha item type Analítica Artículo de Revista

No hay ítems disponibles.

12 de Octubre 789 Ushuaia - Tel:  54(02901)441571
Horario de Atención: 8.00 a 17.00 hs. 
bibliotecaush@justierradelfuego.gov.ar
koha@justierradelfuego.gov.ar
Seguinos en nuestras redes @bibliojustdf 

Con tecnología Koha